书目信息 |
| 题名: |
少儿百科全书
|
|
| 作者: | 【韩】柳济精 著 ;【韩】尹由丽 , 李炳未 绘 | |
| 分册: | ||
| 出版信息: | 北京 电子工业出版社 2012.02 |
|
| 页数: | 141页 | |
| 开本: | 29cm | |
| 丛书名: | ||
| 单 册: | ||
| 中图分类: | Q-49 | |
| 科图分类: | ||
| 主题词: | 生物学--普及读物 | |
| 电子资源: | ||
| ISBN: | 978-7-121-15259-7 | |
| 000 | 00782nam0 2200229 450 | |
| 001 | 2338222486 | |
| 005 | 20230928083737.56 | |
| 010 | @a978-7-121-15259-7@dCNY39.80 | |
| 100 | @a20230926d2012 km y0chiy0120 ea | |
| 101 | 0 | @achi |
| 200 | 1 | @a少儿百科全书@AShao Er Bai Ke Quan Shu@e生物@f【韩】柳济精著;【韩】尹由丽 绘;李炳未 译@F【Han】Liu Ji Jing Zhu;【Han】Yin You Li Hui;Li Bing Wei Yi |
| 210 | @a北京@c电子工业出版社@d2012.02 | |
| 215 | @a141页@d29cm | |
| 300 | @a科学如此生动 | |
| 517 | 1 | @a生物@ASheng Wu |
| 606 | 0 | @a生物学@x普及读物 |
| 690 | @aQ-49@v4 | |
| 701 | 0 | @a【韩】柳济精@A【Han】Liu Ji Jing@4著 |
| 702 | 0 | @a【韩】尹由丽@A【Han】Yin You Li@4绘 |
| 702 | 0 | @a李炳未@ALi Bing Wei@4译 |
| 801 | 0 | @aCN@b大连网信软件有限公司图书馆·11@c20230928 |
| 905 | @dQ-49@e211 | |
| 少儿百科全书:生物/【韩】柳济精著;【韩】尹由丽 绘;李炳未 译.-北京:电子工业出版社,2012.02 |
| 141页;29cm |
| 科学如此生动 |
| ISBN 978-7-121-15259-7:CNY39.80 |
| ● |
| 相关链接 |
|
|
|
|
正题名:少儿百科全书
索取号:Q-49/211
 
预约/预借
| 序号 | 登录号 | 条形码 | 馆藏地/架位号 | 状态 | 备注 |
| 1 | 0568827 | 205688273 | 第二样本阅览室/ [索取号:Q-49/211] | 在馆 |